000 01408nam a2200409 i 4500
001 34374
003 KOSZ 005
005 20220921075836.0
008 981218s1998 pl a f f |000 0 pol
015 _aPB 1998/16880
020 _a8371930224
040 _aWA N
_cWA N
_dKOSZ 005/HR
041 0 _apol
_beng
_bger
_brus
046 _k1998
080 _a657
080 _a(075.8)
100 1 _aBrzezin, Włodzimierz
_d(1926-2008)
_eAutor
245 1 0 _aOgólna teoria rachunkowości /
_cWłodzimierz Brzezin ; Politechnika Częstochowska.
250 _aWyd. 2 zm. i popr.
260 _aCzęstochowa :
_bWydawnictwo PC,
_c1998.
300 _a249, [1] s. :
_brys., wykr. ;
_c21 cm.
336 _2rdacontent
_aTekst
_btxt
337 _2rdamedia
_aBez urządzenia pośredniczącego
_bn
338 _2rdacarrier
_aWolumin
_bnc
380 _aKsiążki
388 _a1901-2000
388 _a1989-2000
504 _aBibliogr. s. 237-244.
546 _aStreszcz. ang., niem., ros.
650 4 _aRachunkowość
655 4 _aPodręczniki akademickie
658 _aGospodarka, ekonomia, finanse
710 2 _aPolitechnika Częstochowska
_bInstytucja
710 2 _aWydawnictwo Politechniki Częstochowskiej
_4pbl
856 _uhttp://koha.tu.koszalin.pl/cgi-bin/koha/opac-detail.pl?biblionumber=34374
_yKatalog online BPK
942 _2UKD
_cKS
999 _c34374
_d34374